| 000 | 00614nam a22001697a 4500 | ||
|---|---|---|---|
| 999 |
_c3943 _d234447 |
||
| 020 | _a9789502310956 | ||
| 080 | _a34 (09) L 575 | ||
| 100 | _aLevaggi, Abelardo | ||
| 245 |
_aFrancisco Manuel de Herrera, fizcal de la Audiencia de Buenos Aires ( 1789- 1799) _bderechio, asuntos indìgenas, religiòn, administraciòn, economìa |
||
| 260 |
_aBuenos Aires _bDepartamento de Publicaciones. Facultad de Derecho. Universidad de Buenos Aires _c2008 |
||
| 300 |
_a320 P: _c23 X 16 Cm. |
||
| 650 | _xderecho | ||
| 650 | _xcomunidades indigenas | ||
| 650 | _xderecho politico | ||
| 942 | _6_ | ||
| 945 |
_acd _d2015-05-26 |
||